000 00299nam a2200121Ia 4500
008 160319s9999 xx 000 0 und d
245 _a14-K Featuring Yesterday's Dream /
260 _bAlpha Records.
300 _a1 sound disc :
300 _bdigital :
300 _c4 3/4 in.
650 _aMusic.
999 _c292767
_d292767